000 00662nam a2200217Ia 4500
999 _c7090
_d7090
003 GBCCL
005 20241126110619.0
008 180709b ||||| |||| 00| 0 eng d
020 _a0830724036
020 _a9780830724031
040 _cGBC
082 _a268.433
_bFRE
245 _aIncredible retreats/
_cJim Burns; Mike DeVries
260 _aUSA:
_bGospel Light,
_c©1999
300 _a173 pages : illustrations ;
_c28 cm.
440 _aFresh ideas, v. 7.
_912544
505 _aHot and tasty resources for youth workers"-- Cover.
650 _aSpiritual retreats for youth.
_912545
650 _aChurch group work with youth.
_910280
942 _2ddc
_cBK